Maintenance of Public Order (M.P.O.) laws : with all amendments and up-to-date case law /
Saved in:
| Main Author: | |
|---|---|
| Format: | Book |
| Language: | English |
| Published: |
Lahore :
Imran Law Book House,
2015.
|
| Edition: | Second edition. |
| Subjects: | |
| Tags: |
Add Tag
No Tags, Be the first to tag this record!
|
| LEADER | 01090cam a2200337 i 4500 | ||
|---|---|---|---|
| 001 | 014358995-4 | ||
| 005 | 20150420100555.0 | ||
| 008 | 150128s2015 pk bl 001 0 eng | ||
| 010 | |a 2014363670 | ||
| 035 | 0 | |a ocn903473710 | |
| 040 | |a DLC |b eng |c DLC |e rda | ||
| 042 | |a lcode |a pcc | ||
| 043 | |a a-pk--- | ||
| 050 | 0 | 0 | |a KPL4657 |b .A95 2015 |
| 100 | 1 | |a Ali, Ishfaq. | |
| 245 | 1 | 0 | |a Maintenance of Public Order (M.P.O.) laws : |b with all amendments and up-to-date case law / |c by, Ishfaq Ali. |
| 246 | 1 | 7 | |a Maintenance of Public Order Ordinance |
| 250 | |a Second edition. | ||
| 264 | 1 | |a Lahore : |b Imran Law Book House, |c 2015. | |
| 300 | |a 605 pages ; |c 24 cm | ||
| 336 | |a text |b txt |2 rdacontent | ||
| 337 | |a unmediated |b n |2 rdamedia | ||
| 338 | |a volume |b nc |2 rdacarrier | ||
| 504 | |a Includes bibliographical references and index. | ||
| 650 | 0 | |a Preventive detention |z Pakistan. | |
| 650 | 0 | |a Habeas corpus |z Pakistan. | |
| 650 | 0 | |a Police regulations |z Pakistan. | |
| 650 | 0 | |a Public policy (Law) |z Pakistan. | |
| 655 | 7 | |a Statutes and codes. |2 lcgft | |
| 988 | |a 20150416 | ||
| 906 | |0 DLC | ||


